| 000 | 01534cab a2200217 4500 | ||
|---|---|---|---|
| 001 | ABS68046 | ||
| 008 | 040722n2004 000 0 eng u | ||
| 035 | _a(Sirsi) u126896 | ||
| 245 | _aStancliffe Stone Company Ltd v Peak District National Park Authority | ||
| 260 | _c2004 | ||
| 520 | _a[2004] EWHC 1475 (QB), 22 June 2004. The claimant (S) sought to challenge a mineral planning authority decision that two quarries were dormant for the purposes of Environment Act 1995 Sched 13. S submitted that the two quarries should have been considered as a whole with other quarries in the area covered by the same original planning permission that were considered active and not as separate dormant sites. The planning authority submitted that four separate planning permissions contained in a single document had been granted in 1952 and was therefore right in considering each site separately. "Held": the planning authority was correct in its treatment of the quarries as four separate planning permissions. S was also out of time for pursuing a judicial review of the situation. View judgment at www.courtservice.gov.uk. | ||
| 590 | _aABS | ||
| 650 | _aSTANCLIFFE STONE COMPANY LTD V PEAK DISTRICT NATIONAL PARK AUTHORITY | ||
| 650 | _aMINERAL PLANNING AUTHORITIES | ||
| 650 | _aMINERAL PLANNING PERMISSIONS | ||
| 650 | _aQUARRYING | ||
| 650 | _aQUARRIES | ||
| 690 | _aMINING AND MINERALS-CASE LAW | ||
| 856 |
_uhttps://www.courtservice.gov.uk/View.do?id=2610 _zView judgment on the Court Service website... |
||
| 942 | _n0 | ||
| 999 |
_c74479 _d74479 |
||